[Event "NZL-ch op-B 130th"]
[Site "Wellington"]
[Date "2023.01.09"]
[Round "8"]
[White "Ray, Charlotte"]
[Black "Ashe, Michael"]
[Result "1-0"]
[WhiteElo "1437"]
[BlackElo "1659"]
[PlyCount "49"]
[EventDate "2023.01.02"]
[EventType "swiss"]
[EventRounds "9"]
[EventCountry "NZL"]
[SourceTitle "CBM 212 Extra"]
[Source "ChessBase"]
[SourceDate "2023.03.31"]
[SourceVersion "1"]
[SourceVersionDate "2023.03.31"]
[SourceQuality "1"]

1. e4 c6 2. d4 d5 3. f3 dxe4 4. fxe4 e5 5. Nf3 Bg4 6. Bc4 exd4 7. 0-0 Nf6 8. Bxf7+ Kxf7 9. Ne5+ Kg8 10. Nxg4 Nbd7 11. e5 Nxg4 12. Qxg4 Qe8 13. Re1 b6 14. Bg5 Bb4 15. c3 Be7 16. Qe6+ Qf7 17. Qxf7+ Kxf7 18. e6+ Kg6 19. Bxe7 Nf6 20. Bxf6 Kxf6 21. cxd4 Rhe8 22. Nc3 Rxe6 23. d5 cxd5 24. Nxd5+ Kf7 25. Rxe6 1-0

[Event "NZL-ch op-B 130th"]
[Site "Wellington"]
[Date "2023.01.06"]
[Round "5"]
[White "Holdo, Karl"]
[Black "Ashe, Michael"]
[Result "1-0"]
[WhiteElo "1707"]
[BlackElo "1659"]
[PlyCount "101"]
[EventDate "2023.01.02"]
[EventType "swiss"]
[EventRounds "9"]
[EventCountry "NZL"]
[SourceTitle "CBM 212 Extra"]
[Source "ChessBase"]
[SourceDate "2023.03.31"]
[SourceVersion "1"]
[SourceVersionDate "2023.03.31"]
[SourceQuality "1"]

1. e4 c6 2. d3 d5 3. Nd2 e5 4. g3 Nf6 5. Ngf3 Bd6 6. Bg2 Bg4 7. h3 Be6 8. 0-0 h6 9. Qe2 Nbd7 10. b3 0-0 11. Bb2 Qc7 12. Rfe1 d4 13. c3 c5 14. Rec1 Qd8 15. Nh4 Nh7 16. Nc4 Bc7 17. cxd4 cxd4 18. Ba3 Re8 19. Nf5 Bxf5 20. exf5 Rb8 21. Nd6 Bxd6 22. Bxd6 Rc8 23. Bxb7 Rxc1+ 24. Rxc1 Qg5 25. Ba3 Qxf5 26. Qg4 Qxg4 27. hxg4 Nhf6 28. f3 Nb6 29. Rc7 a5 30. Bc5 Nfd5 31. Bxd5 Nxd5 32. Ra7 Nb4 33. Bxb4 axb4 34. Rc7 Ra8 35. Rc2 g5 36. Kf2 Kg7 37. f4 gxf4 38. gxf4 exf4 39. Kf3 Re8 40. Kxf4 Re3 41. Rc4 Rxd3 42. Rxb4 Rd1 43. a4 d3 44. Ke3 Kg6 45. a5 f5 46. gxf5+ Kxf5 47. a6 h5 48. a7 Ra1 49. Ra4 Re1+ 50. Kxd3 Re8 51. a8Q 1-0

[Event "NZL-ch op-B 130th"]
[Site "Wellington"]
[Date "2023.01.03"]
[Round "2"]
[White "Ashe, Michael"]
[Black "Paul, David"]
[Result "1-0"]
[WhiteElo "1659"]
[BlackElo "1803"]
[PlyCount "49"]
[EventDate "2023.01.02"]
[EventType "swiss"]
[EventRounds "9"]
[EventCountry "NZL"]
[SourceTitle "CBM 212 Extra"]
[Source "ChessBase"]
[SourceDate "2023.03.31"]
[SourceVersion "1"]
[SourceVersionDate "2023.03.31"]
[SourceQuality "1"]

1. d4 Nf6 2. c4 g6 3. f3 Bg7 4. e4 d6 5. Nc3 0-0 6. Be3 e5 7. Qd2 exd4 8. Bxd4 Nc6 9. Be3 Re8 10. Nge2 a6 11. Nf4 Be6 12. Nfd5 Bxd5 13. cxd5 Nb8 14. Be2 Qe7 15. 0-0 Nbd7 16. Rac1 b5 17. b4 Nb6 18. a3 Rac8 19. Bxb6 cxb6 20. a4 Rc7 21. axb5 a5 22. bxa5 Rxc3 23. Rxc3 Nxe4 24. fxe4 Qxe4 25. Rc2 1-0

[Event "Wellington op"]
[Site "Wellington"]
[Date "2022.04.17"]
[Round "5"]
[White "Ashe, Michael"]
[Black "Malcolm, Aidan"]
[Result "0-1"]
[WhiteElo "1540"]
[BlackElo "1549"]
[PlyCount "58"]
[EventDate "2022.04.15"]
[EventType "swiss"]
[EventRounds "6"]
[EventCountry "NZL"]
[SourceTitle "EXT 2024"]
[Source "ChessBase"]
[SourceDate "2023.10.10"]
[SourceVersion "1"]
[SourceVersionDate "2023.10.10"]
[SourceQuality "1"]

1. d4 f5 2. Bg5 h6 3. Bh4 g5 4. e3 Bg7 5. Qh5+ Kf8 6. Bg3 Nf6 7. Qf3 d6 8. Nc3 Nc6 9. h4 e5 10. 0-0-0 f4 11. exf4 Bg4 12. Qd3 Bxd1 13. Qxd1 gxf4 14. Bh2 Nxd4 15. g3 fxg3 16. Bxg3 Qe7 17. Bg2 c6 18. f4 Rd8 19. Nf3 Nxf3 20. Qxf3 Ke8 21. fxe5 dxe5 22. Re1 Kf7 23. Rxe5 Qd7 24. Ne4 Rhf8 25. Qf1 Kg8 26. Bh3 Qd4 27. c3 Qe3+ 28. Kc2 Nxe4 29. Qc4+ Kh8 0-1

[Event "NZL-ch Major op"]
[Site "Christchurch"]
[Date "2022.01.08"]
[Round "7"]
[White "Ashe, Michael"]
[Black "Brockway, Andrew"]
[Result "1-0"]
[WhiteElo "1541"]
[BlackElo "1647"]
[PlyCount "72"]
[EventDate "2022.01.02"]
[EventType "swiss"]
[EventRounds "9"]
[EventCountry "NZL"]
[SourceTitle "EXT 2024"]
[Source "ChessBase"]
[SourceDate "2023.10.10"]
[SourceVersion "1"]
[SourceVersionDate "2023.10.10"]
[SourceQuality "1"]

1. d4 d5 2. c4 e6 3. Nc3 c6 4. e3 Nf6 5. Nf3 Nbd7 6. Qc2 Bd6 7. Bd3 dxc4 8. Bxc4 b5 9. Be2 0-0 10. 0-0 a6 11. a3 Bb7 12. b4 Qe7 13. Bb2 e5 14. Ne4 Nxe4 15. Qxe4 Nf6 16. Qc2 e4 17. Nd2 Rfe8 18. Rac1 Nd5 19. Nb3 Bc7 20. Nc5 Bc8 21. Rfe1 f5 22. g3 Qg5 23. Bf1 Rf8 24. Bg2 Qh6 25. Qe2 g5 26. f3 f4 27. exf4 gxf4 28. g4 e3 29. Kh1 Bd8 30. Rg1 Bh4 31. Ne4 Ra7 32. Bf1 Qg6 33. Qg2 Rg7 34. Qh3 Bg5 35. Bd3 Qe6 36. Nxg5 h6 1-0

[Event "NZL-ch Major op"]
[Site "Christchurch"]
[Date "2022.01.02"]
[Round "1"]
[White "Ashe, Michael"]
[Black "Suazo, Benedict"]
[Result "0-1"]
[WhiteElo "1541"]
[BlackElo "1853"]
[PlyCount "48"]
[EventDate "2022.01.02"]
[EventType "swiss"]
[EventRounds "9"]
[EventCountry "NZL"]
[SourceTitle "EXT 2024"]
[Source "ChessBase"]
[SourceDate "2023.10.10"]
[SourceVersion "1"]
[SourceVersionDate "2023.10.10"]
[SourceQuality "1"]

1. d4 d6 2. c4 Nf6 3. Nc3 g6 4. e4 Bg7 5. Bd3 0-0 6. Nge2 c5 7. Be3 Ng4 8. Qd2 Nxe3 9. fxe3 Nc6 10. e5 cxd4 11. exd4 dxe5 12. d5 Nd4 13. 0-0-0 Bf5 14. Nxd4 exd4 15. Ne2 Bg4 16. Rde1 b5 17. b3 Rc8 18. Kb1 bxc4 19. Bxc4 Bf5+ 20. Kc1 Qxd5 21. Nf4 Rxc4+ 22. bxc4 Qxc4+ 23. Kd1 Rb8 24. Ne2 Qa4+ 0-1

[Event "Henderson Trusts op-B 43rd"]
[Site "Henderson"]
[Date "2021.06.07"]
[Round "5"]
[White "Ashe, Michael"]
[Black "Li, Allen"]
[Result "0-1"]
[WhiteElo "1546"]
[BlackElo "1659"]
[PlyCount "34"]
[EventDate "2021.06.05"]
[EventType "swiss"]
[EventRounds "6"]
[EventCountry "NZL"]
[SourceTitle "EXT 2024"]
[Source "ChessBase"]
[SourceDate "2023.10.10"]
[SourceVersion "1"]
[SourceVersionDate "2023.10.10"]
[SourceQuality "1"]

1. d4 Nf6 2. c4 e6 3. Nc3 Bb4 4. f3 0-0 5. a3 Be7 6. e4 c5 7. d5 exd5 8. cxd5 d6 9. Nge2 Nh5 10. Be3 f5 11. Qd2 fxe4 12. fxe4 Nf6 13. h3 Nbd7 14. g4 Ne5 15. Bg2 Nc4 16. Qc1 Nd7 17. b3 Nce5 0-1

[Event "Auckland Morrison Memorial"]
[Site "Auckland"]
[Date "2020.10.24"]
[Round "1"]
[White "Ashe, Michael"]
[Black "McLaren, Leonard"]
[Result "0-1"]
[WhiteElo "1495"]
[BlackElo "2160"]
[PlyCount "90"]
[EventDate "2020.10.24"]
[EventType "swiss"]
[EventRounds "6"]
[EventCountry "NZL"]
[SourceTitle "EXT 2024"]
[Source "ChessBase"]
[SourceDate "2023.10.10"]
[SourceVersion "1"]
[SourceVersionDate "2023.10.10"]
[SourceQuality "1"]

1. d4 Nf6 2. c4 e6 3. Nc3 Bb4 4. f3 Nc6 5. e4 d5 6. cxd5 exd5 7. Bg5 dxe4 8. d5 Qxd5 9. Bxf6 Qxd1+ 10. Kxd1 gxf6 11. Nxe4 Ke7 12. Rc1 Be6 13. a3 Bb3+ 14. Ke2 Bd6 15. Nxd6 cxd6 16. Ke3 d5 17. Bb5 Kd6 18. Ne2 Rhe8+ 19. Kf2 Rec8 20. Rc3 Na5 21. Rhc1 Rxc3 22. Rxc3 Bc4 23. Nd4 a6 24. Ba4 b5 25. Bc2 Ba2 26. Nf5+ Kd7 27. Rd3 Rc8 28. Rd2 Rxc2 29. Rxc2 Bb1 30. Nd4 Bxc2 31. Nxc2 Kd6 32. b4 Nc4 33. f4 d4 34. Ke2 Kd5 35. g3 Ke4 36. Ne1 Nb2 37. Kd2 f5 38. Kc2 Nc4 39. Kd1 d3 40. Ng2 Nxa3 41. Kd2 Nc4+ 42. Kd1 Ne3+ 43. Nxe3 Kxe3 44. Ke1 Kd4 45. Kd2 Kc4 0-1

[Event "South Island-ch"]
[Site "Dunedin"]
[Date "2020.10.08"]
[Round "6"]
[White "Ashe, Michael"]
[Black "Gold, Hamish R"]
[Result "0-1"]
[WhiteElo "1495"]
[BlackElo "1676"]
[PlyCount "92"]
[EventDate "2020.10.03"]
[EventType "swiss"]
[EventRounds "7"]
[EventCountry "NZL"]
[SourceTitle "EXT 2024"]
[Source "ChessBase"]
[SourceDate "2023.10.10"]
[SourceVersion "1"]
[SourceVersionDate "2023.10.10"]
[SourceQuality "1"]

1. d4 e6 2. c4 f5 3. Nf3 Nf6 4. Nc3 d5 5. Bf4 c6 6. e3 Be7 7. Bd3 Ne4 8. Ne5 0-0 9. Qc2 g5 10. Bg3 Nd7 11. f3 Nxc3 12. Qxc3 a5 13. 0-0 Qe8 14. e4 f4 15. Nxd7 Bxd7 16. Bf2 h5 17. Qc2 Qf7 18. e5 Qg7 19. c5 g4 20. fxg4 hxg4 21. Kh1 Qh6 22. g3 f3 23. Be1 Kg7 24. Rf2 Bg5 25. Bd2 Bxd2 26. Qxd2 Qxd2 27. Rxd2 Be8 28. a4 Bg6 29. Rf1 Bf5 30. Rff2 Kg6 31. Kg1 Rab8 32. h3 Kg5 33. h4+ Kg6 34. Rf1 Be4 35. Kf2 b6 36. Ke3 Bxd3 37. Kxd3 bxc5 38. Ke3 cxd4+ 39. Rxd4 Rb3+ 40. Kd2 Rxb2+ 41. Kc3 Rb4 42. Rxb4 axb4+ 43. Kxb4 Kf5 44. Kc5 Kxe5 45. Re1+ Kf5 46. Kd4 Ra8 0-1

[Event "NZL-ch Major op"]
[Site "Tauranga"]
[Date "2020.01.21"]
[Round "8"]
[White "Deng, Abraham"]
[Black "Ashe, Michael"]
[Result "0-1"]
[WhiteElo "1747"]
[BlackElo "1643"]
[PlyCount "60"]
[EventDate "2020.01.14"]
[EventType "swiss"]
[EventRounds "9"]
[EventCountry "NZL"]
[SourceTitle "EXT 2021"]
[Source "ChessBase"]
[SourceDate "2020.10.23"]
[SourceVersion "1"]
[SourceVersionDate "2020.10.23"]
[SourceQuality "1"]

1. e4 e6 2. d4 d5 3. Nc3 Nf6 4. e5 Nfd7 5. f4 c5 6. Nf3 Nc6 7. Be3 cxd4 8. Nxd4 Bc5 9. Qd2 0-0 10. 0-0-0 a6 11. Kb1 Nxd4 12. Bxd4 b5 13. Bxc5 Nxc5 14. Qf2 Qc7 15. a3 Rb8 16. Bd3 b4 17. axb4 Rxb4 18. Rhe1 Bd7 19. Na2 Rb6 20. Qd4 Rfb8 21. b4 a5 22. c3 axb4 23. cxb4 Na6 24. Rc1 Qb7 25. Bxa6 Qxa6 26. Rc2 Bb5 27. Re3 Bc4 28. Qd2 Bxa2+ 29. Rxa2 Rxb4+ 30. Qxb4 Rxb4+ 0-1

[Event "South Island-ch"]
[Site "Hanmer Springs"]
[Date "2019.10.09"]
[Round "8"]
[White "Ashe, Michael"]
[Black "Dolejs, Dan E"]
[Result "0-1"]
[WhiteElo "1475"]
[BlackElo "1691"]
[PlyCount "94"]
[EventDate "2019.10.05"]
[EventType "swiss"]
[EventRounds "9"]
[EventCountry "NZL"]
[SourceTitle "EXT 2023"]
[Source "ChessBase"]
[SourceDate "2022.10.05"]
[SourceVersion "1"]
[SourceVersionDate "2022.10.05"]
[SourceQuality "1"]

1. d4 d5 2. c4 e6 3. Nc3 Nf6 4. cxd5 exd5 5. Bg5 Nbd7 6. e3 c6 7. Bd3 Qa5 8. Nge2 Ne4 9. Bf4 Bb4 10. Qc2 Ndf6 11. 0-0 Nxc3 12. Nxc3 0-0 13. a3 Bxc3 14. Qxc3 Qd8 15. b4 Be6 16. Rfc1 Rc8 17. Qb2 Qd7 18. b5 Nh5 19. bxc6 bxc6 20. Bg3 Nxg3 21. hxg3 Rb8 22. Qc2 g6 23. Qxc6 Qe7 24. Qc7 Qf6 25. Qxa7 Ra8 26. Qc5 Rfc8 27. Qb4 Rcb8 28. Qd2 Qe7 29. a4 Rb4 30. Bb5 Bc8 31. Rcb1 Rxb1+ 32. Rxb1 Bf5 33. Rc1 h5 34. Rc5 Be6 35. a5 h4 36. gxh4 Qxh4 37. Bf1 Kg7 38. g3 Qh6 39. Rc7 Rh8 40. Bg2 Qh2+ 41. Kf1 Rb8 42. Rc1 Bd7 43. Bxd5 Bb5+ 44. Rc4 Bxc4+ 45. Bxc4 Qh1+ 46. Ke2 Rb1 47. Qa2 Qd1# 0-1

[Event "North Island-ch"]
[Site "Wellington"]
[Date "2019.04.22"]
[Round "7"]
[White "Ashe, Michael"]
[Black "List, Robert"]
[Result "0-1"]
[WhiteElo "1303"]
[BlackElo "1562"]
[PlyCount "144"]
[EventDate "2019.04.19"]
[EventType "swiss"]
[EventRounds "8"]
[EventCountry "NZL"]
[SourceTitle "EXT 2020"]
[Source "ChessBase"]
[SourceDate "2019.10.17"]
[SourceVersion "1"]
[SourceVersionDate "2019.10.17"]
[SourceQuality "1"]

1. d4 Nf6 2. c4 e5 3. dxe5 Ne4 4. Nf3 d6 5. Bf4 g5 6. Bd2 g4 7. Nd4 dxe5 8. Nb3 Nc6 9. Nc3 Bf5 10. e3 Qd7 11. Be2 0-0-0 12. Nxe4 Bxe4 13. Bxg4 f5 14. Bh3 Qf7 15. Qc1 Bd3 16. f3 Qh5 17. Kf2 Qh4+ 18. Kg1 Rg8 19. Qe1 Qxh3 20. g3 Bxc4 21. Qf2 h5 22. Bc3 h4 23. Qg2 Qxg2+ 24. Kxg2 Bd6 25. Nd2 Ba6 26. Rhd1 Rg6 27. Nf1 Bxf1+ 28. Rxf1 hxg3 29. h4 Bb4 30. Bxb4 Nxb4 31. Rad1 Rdd6 32. a3 Nc2 33. Rxd6 Rxd6 34. Kxg3 Nxe3 35. Rf2 Rg6+ 36. Kh3 f4 37. b4 Rh6 38. Rd2 b5 39. Ra2 c6 40. Rd2 Kc7 41. Re2 Kb6 42. Ra2 Rh8 43. Rd2 Kc7 44. Rd3 a6 45. Rd2 Nf5 46. Kg4 Ne3+ 47. Kg5 Nc4 48. Rh2 Nxa3 49. h5 Nc4 50. h6 Kb6 51. h7 c5 52. Rh6+ Kb7 53. bxc5 b4 54. Kg6 b3 55. Kg7 Rxh7+ 56. Rxh7 b2 57. Kf6+ Kc6 58. Rh1 Nd2 59. Kxe5 Kxc5 60. Kxf4 b1Q 61. Rxb1 Nxb1 62. Ke3 Kb4 63. f4 Nc3 64. Kd2 Kb3 65. f5 Nd5 66. Kc1 a5 67. Kb1 a4 68. Ka1 Ka3 69. Kb1 Kb3 70. Ka1 a3 71. Kb1 a2+ 72. Ka1 Nb4 0-1

[Event "North Island-ch"]
[Site "Wellington"]
[Date "2019.04.22"]
[Round "8"]
[White "Yu, Jeffrey"]
[Black "Ashe, Michael"]
[Result "0-1"]
[WhiteElo "1431"]
[BlackElo "1303"]
[PlyCount "82"]
[EventDate "2019.04.19"]
[EventType "swiss"]
[EventRounds "8"]
[EventCountry "NZL"]
[SourceTitle "EXT 2020"]
[Source "ChessBase"]
[SourceDate "2019.10.17"]
[SourceVersion "1"]
[SourceVersionDate "2019.10.17"]
[SourceQuality "1"]

1. e4 e6 2. d4 d5 3. exd5 exd5 4. Bd3 Nc6 5. Nf3 Bd6 6. 0-0 Nge7 7. c3 0-0 8. Qc2 h6 9. Re1 Bg4 10. Nh4 Re8 11. h3 Bh5 12. Be3 g5 13. Nf5 Nxf5 14. Bxf5 Ne7 15. Bd3 Bg6 16. Nd2 Qd7 17. c4 dxc4 18. Qxc4 Bxd3 19. Qxd3 Nd5 20. Ne4 Re6 21. Nxd6 Qxd6 22. Bd2 Rae8 23. Qb5 Rxe1+ 24. Bxe1 Rb8 25. Qa5 a6 26. Rd1 Re8 27. Qc5 Re6 28. Qc2 Qe7 29. Bd2 Re2 30. Qb3 c6 31. Bc3 b5 32. a4 Nxc3 33. bxc3 Re1+ 34. Kh2 Qd6+ 35. g3 Re2 36. Rf1 Qf6 37. Kg1 Qf3 38. axb5 axb5 39. Qa3 Rc2 40. Qa8+ Kg7 41. Qxc6 Qxc6 0-1

[Event "North Island-ch"]
[Site "Wellington"]
[Date "2019.04.21"]
[Round "6"]
[White "He, Paul"]
[Black "Ashe, Michael"]
[Result "1-0"]
[WhiteElo "1589"]
[BlackElo "1303"]
[PlyCount "37"]
[EventDate "2019.04.19"]
[EventType "swiss"]
[EventRounds "8"]
[EventCountry "NZL"]
[SourceTitle "EXT 2020"]
[Source "ChessBase"]
[SourceDate "2019.10.17"]
[SourceVersion "1"]
[SourceVersionDate "2019.10.17"]
[SourceQuality "1"]

1. c4 Nf6 2. Nc3 e6 3. g3 b6 4. Bg2 Nc6 5. d4 Bb4 6. e4 d5 7. cxd5 exd5 8. e5 Ne4 9. Nge2 0-0 10. 0-0 Nxc3 11. bxc3 Be7 12. c4 Be6 13. Nf4 Qd7 14. cxd5 Bxd5 15. Bxd5 Rad8 16. e6 Qd6 17. exf7+ Rxf7 18. Qb3 Kf8 19. Ne6+ 1-0

[Event "North Island-ch"]
[Site "Wellington"]
[Date "2019.04.19"]
[Round "1"]
[White "Ashe, Michael"]
[Black "Benitez, Edgar"]
[Result "1-0"]
[WhiteElo "1303"]
[BlackElo "1844"]
[PlyCount "107"]
[EventDate "2019.04.19"]
[EventType "swiss"]
[EventRounds "8"]
[EventCountry "NZL"]
[SourceTitle "EXT 2020"]
[Source "ChessBase"]
[SourceDate "2019.10.17"]
[SourceVersion "1"]
[SourceVersionDate "2019.10.17"]
[SourceQuality "1"]

1. d4 d5 2. c4 e6 3. Nc3 Nf6 4. cxd5 exd5 5. Bg5 c6 6. e3 Bf5 7. Qf3 Bg6 8. Bxf6 gxf6 9. h4 h5 10. Nge2 f5 11. Nf4 Bd6 12. Bd3 Nd7 13. g3 Nf6 14. 0-0 Ne4 15. Qe2 Qe7 16. Rfc1 0-0 17. Nxh5 Bxh5 18. Qxh5 Nxg3 19. Qg5+ Qxg5 20. hxg5 Ne4 21. f4 Kg7 22. Kg2 Rh8 23. Rh1 f6 24. gxf6+ Kxf6 25. Nxe4+ fxe4 26. Rxh8 Rxh8 27. Be2 c5 28. Rd1 Rg8+ 29. Kf2 cxd4 30. Rxd4 Ke6 31. Rxe4+ dxe4 32. Bc4+ Kf6 33. Bxg8 a5 34. Bh7 b6 35. Bxe4 Bb4 36. Ke2 Bc5 37. Bd3 Bb4 38. e4 Bc5 39. e5+ Ke7 40. b3 Bd4 41. Kf3 Ke6 42. Ke4 Bc3 43. f5+ Ke7 44. f6+ Kf8 45. Kf5 Bd4 46. e6 Bc5 47. e7+ Bxe7 48. fxe7+ Kxe7 49. Ke5 Kd7 50. Bb5+ Kc7 51. Kd5 Kb7 52. Kd6 Kb8 53. Kc6 Ka7 54. Kc7 1-0

[Event "NZL-ch Major op"]
[Site "Auckland"]
[Date "2019.01.19"]
[Round "6"]
[White "Ashe, Michael"]
[Black "Xu, Hannah"]
[Result "0-1"]
[WhiteElo "1341"]
[BlackElo "1077"]
[PlyCount "100"]
[EventDate "2019.01.14"]
[EventType "swiss"]
[EventRounds "9"]
[EventCountry "NZL"]
[SourceTitle "CBM 189 Extra"]
[Source "ChessBase"]
[SourceDate "2019.06.03"]
[SourceVersion "1"]
[SourceVersionDate "2019.06.03"]
[SourceQuality "1"]

1. d4 Nf6 2. c4 g6 3. Nc3 d5 4. cxd5 Nxd5 5. e4 Nxc3 6. bxc3 Bg7 7. Bg5 c5 8. Rc1 cxd4 9. cxd4 0-0 10. Nf3 Nc6 11. d5 Ne5 12. h3 h6 13. Bd2 Bd7 14. Be2 e6 15. Nxe5 Bxe5 16. Bxh6 Bg7 17. Bxg7 Kxg7 18. 0-0 Re8 19. a4 exd5 20. Qxd5 Bc6 21. Qxd8 Raxd8 22. Bb5 Rxe4 23. Bxc6 bxc6 24. Rxc6 Rxa4 25. Rc7 Rd2 26. Re1 Raa2 27. Ree7 Rxf2 28. Rxa7 Rxg2+ 29. Kh1 Rh2+ 30. Kg1 Rxa7 31. Rxa7 Rxh3 32. Kg2 Rb3 33. Ra8 f5 34. Ra7+ Kf6 35. Ra6+ Kg5 36. Ra5 Rb4 37. Kg3 Kh5 38. Kf3 Kh4 39. Ra6 Rg4 40. Rb6 Rg3+ 41. Kf4 Rg4+ 42. Kf3 Kg5 43. Rb5 Rf4+ 44. Kg3 Ra4 45. Kf3 Ra3+ 46. Kg2 Kg4 47. Rb4+ f4 48. Rb6 g5 49. Rb4 Ra2+ 50. Kg1 Kg3 0-1

[Event "NZL-ch Major op"]
[Site "Auckland"]
[Date "2019.01.16"]
[Round "3"]
[White "Hall, Nathan"]
[Black "Ashe, Michael"]
[Result "1-0"]
[WhiteElo "1889"]
[BlackElo "1341"]
[PlyCount "57"]
[EventDate "2019.01.14"]
[EventType "swiss"]
[EventRounds "9"]
[EventCountry "NZL"]
[SourceTitle "CBM 189 Extra"]
[Source "ChessBase"]
[SourceDate "2019.06.03"]
[SourceVersion "1"]
[SourceVersionDate "2019.06.03"]
[SourceQuality "1"]

1. e4 e6 2. d4 d5 3. Nc3 Nf6 4. Bg5 Bb4 5. e5 h6 6. Bd2 Bxc3 7. bxc3 Ne4 8. Bd3 Nxd2 9. Qxd2 c5 10. f4 Qb6 11. Nf3 Nc6 12. Be2 0-0 13. 0-0 c4 14. Kh1 Qd8 15. Qe1 f5 16. Nh4 Ne7 17. g4 fxg4 18. Bxg4 Nf5 19. Bxf5 exf5 20. Rg1 Qe8 21. Rg6 Qf7 22. Qg3 Kh7 23. Rg1 Rg8 24. Qf3 Be6 25. Qh5 Qd7 26. Nf3 Kh8 27. Ng5 Rae8 28. Rxh6+ gxh6 29. Qxh6+ 1-0